Diccionario abreviado de sociología / (Record no. 59011)

MARC details
000 -LEADER
campo de control de longitud fija 00561nam a2200169 i 4500
001 - NÚMERO DE CONTROL
campo de control 59011
003 - IDENTIFICADOR DE NÚMERO DE CONTROL
campo de control ES-MaACL
005 - FECHA Y HORA DE LA ÚLTIMA TRANSACCIÓN
campo de control 20230906163936.0
007 - CAMPO FIJO DE DESCRIPCIÓN FÍSICA--INFORMACIÓN GENERAL
campo de control de longitud fija t|
008 - DATOS DE LONGITUD FIJA--INFORMACIÓN GENERAL
campo de control de longitud fija 031027s1944 cu ||||1| spa d
100 1# - ENTRADA PRINCIPAL--NOMBRE DE PERSONA
Nombre de persona Echanove Trujillo, Carlos A.
9 (RLIN) 46493
245 10 - MENCIÓN DEL TÍTULO
Título Diccionario abreviado de sociología /
Mención de responsabilidad, etc. Carlos A. Echanove Trujillo.
260 ## - PUBLICACIÓN, DISTRIBUCIÓN, ETC.
Lugar de publicación, distribución, etc. Habana :
Nombre del editor, distribuidor, etc. Universidad de La Habana,
Fecha de publicación, distribución, etc. 1944 (
Fabricante Cultural)
300 ## - DESCRIPCIÓN FÍSICA
Extensión XVI, 278 p., 1 lám. ;
Dimensiones 25 cm.
500 ## - NOTA GENERAL
Nota general Es una publicación de la Universidad de La Habana.
852 ## - LOCALIZACIÓN
Ubicación ES-MaACL
Número de control de estantería D-6825
Sublocalización o colección R.26647
Holdings
Estatus retirado Estado de pérdida Estado de daño No para préstamo Colección Biblioteca de origen Biblioteca actual Ubicación en estantería Fecha de adquisición Fuente de adquisición Total de préstamos Signatura topográfica completa Código de barras Visto por última vez Precio de reemplazo Tipo de ítem Koha
        Colección de referencia Biblioteca del Ateneo de Madrid Biblioteca del Ateneo de Madrid Sala Valle Inclán 17/01/2008     D-6825 901061902 23/02/2023 23/02/2023 Libro impreso